Regionalism and multilateralism (Record no. 167558)
[ view plain ]
| 000 -LEADER | |
|---|---|
| fixed length control field | 00633nam a2200229Ia 4500 |
| 003 - CONTROL NUMBER IDENTIFIER | |
| control field | OSt |
| 005 - DATE AND TIME OF LATEST TRANSACTION | |
| control field | 20230517114308.0 |
| 008 - FIXED-LENGTH DATA ELEMENTS--GENERAL INFORMATION | |
| fixed length control field | 210423s2012 xx 000 0 und d |
| 020 ## - INTERNATIONAL STANDARD BOOK NUMBER | |
| International Standard Book Number | 978-81-8450-432-3 |
| 040 ## - CATALOGING SOURCE | |
| Transcribing agency | AL |
| 041 ## - LANGUAGE CODE | |
| Language code of text/sound track or separate title | eng |
| 082 ## - DEWEY DECIMAL CLASSIFICATION NUMBER | |
| Classification number | 337.1 THAR |
| 100 ## - MAIN ENTRY--PERSONAL NAME | |
| Personal name | THAKUR (Anil Kumar);CHANDRAMOHAN (B P) |
| 9 (RLIN) | 106511 |
| 245 ## - TITLE STATEMENT | |
| Title | Regionalism and multilateralism |
| 260 ## - PUBLICATION, DISTRIBUTION, ETC. | |
| Place of publication, distribution, etc. | New Delhi |
| Name of publisher, distributor, etc. | Deep and deep publication |
| Date of publication, distribution, etc. | 2012 |
| 300 ## - PHYSICAL DESCRIPTION | |
| Extent | xxvii,459 |
| Other physical details | HB |
| 365 ## - TRADE PRICE | |
| Price amount | 1800 |
| Currency code | INR |
| 650 ## - SUBJECT ADDED ENTRY--TOPICAL TERM | |
| Topical term or geographic name entry element | Economics |
| 9 (RLIN) | 106512 |
| 650 ## - SUBJECT ADDED ENTRY--TOPICAL TERM | |
| Topical term or geographic name entry element | International Economics |
| 9 (RLIN) | 106513 |
| 906 ## - LOCAL DATA ELEMENT F, LDF (RLIN) | |
| a | multilateralism ; Regionalism |
| 942 ## - ADDED ENTRY ELEMENTS (KOHA) | |
| Source of classification or shelving scheme | Dewey Decimal Classification |
| Koha item type | Book |
| Withdrawn status | Lost status | Damaged status | Not for loan | Collection code | Home library | Current library | Date acquired | Source of acquisition | Cost, normal purchase price | Total Checkouts | Total Renewals | Full call number | Barcode | Date last seen | Date last checked out | Price effective from | Koha item type |
|---|---|---|---|---|---|---|---|---|---|---|---|---|---|---|---|---|---|
| Economics | St Aloysius PG Library | St Aloysius PG Library | 03/08/2016 | Kiran Book Centre | 1800.00 | 3 | 1 | 337.1 THAR | PG014059 | 03/25/2023 | 02/28/2023 | 04/26/2021 | Book |